| 000 | 00515nam a22001937a 4500 | ||
|---|---|---|---|
| 003 | MPLRDC | ||
| 005 | 20220104142710.0 | ||
| 008 | 210129b ||||| |||| 00| 0 eng d | ||
| 020 | _a978-957-13-5079-0 | ||
| 082 | _a141 BER | ||
| 100 | _aSTEPHEN BERTMAN | ||
| 245 |
_a希腊人为什么有智慧 _c陈怡华 译 |
||
| 250 | _a初版 | ||
| 260 |
_a台湾 _b时报文化出版企业股份有限公司 _c2009 |
||
| 300 | _b270 | ||
| 490 | _a知识丛书: 1035 | ||
| 650 | _a希腊哲学 | ||
| 942 |
_cBK _o141 BER |
||
| 999 |
_c32989 _d32979 |
||